[Event "Lansing op"]
[Site "Lansing"]
[Date "2004.09.04"]
[Round "3"]
[White "Van Dyke, Sid"]
[Black "Steen, Harold"]
[Result "0-1"]
[WhiteElo "1550"]
[BlackElo "1731"]
[PlyCount "85"]
[EventDate "2004.09.03"]
[EventType "swiss"]
[EventRounds "7"]
[EventCountry "USA"]
[SourceTitle "EXT 2007"]
[Source "ChessBase"]
[SourceDate "2006.11.23"]
[SourceVersion "1"]
[SourceVersionDate "2006.11.23"]
[SourceQuality "1"]

1. e4 e6 2. g3 c5 3. Bg2 d6 4. d3 Nc6 5. Ne2 Be7 6. 0-0 Nf6 7. Bg5 a6 8. Nd2 Qc7 9. Rb1 b5 10. a3 Bb7 11. c3 0-0 12. Qc2 Rac8 13. Bxf6 Bxf6 14. Nf4 Ne5 15. Nh5 Be7 16. Nf4 Qd7 17. Rfe1 f5 18. Re2 Rf6 19. c4 Rh6 20. f3 Nc6 21. Nb3 Bg5 22. Nh3 Bf6 23. exf5 exf5 24. Rbe1 Ne5 25. Nd2 Nc6 26. Nb3 Ne5 27. Nd2 a5 28. Nf2 Nc6 29. Qb1 Nd4 30. Re3 Bg5 31. f4 Bf6 32. Bxb7 Qxb7 33. Re8+ Rxe8 34. Rxe8+ Kf7 35. Re3 Rg6 36. cxb5 Qxb5 37. Nc4 Be7 38. Qe1 Re6 39. Qd2 Qc6 40. Nh3 Nf3+ 41. Rxf3 Qxf3 42. Ng5+ Bxg5 43. Qf2 0-1